[Event "AGAH IIIIIIIII"]
[Site "SchemingMind.com"]
[Date "2021.05.29"]
[Round "-"]
[White "LockettJ"]
[Black "ray winteringham"]
[Result "1-0"]
[WhiteCountry "ENG"]
[BlackCountry "ENG"]
[WhiteElo "2009"]
[WhiteRD "118"]
[BlackElo "1452"]
[BlackRD "51"]
[GameID "712140"]

1. a3 e5 2. c4 Bc5 3. Nc3 d6 4. Nf3 f5 5. e3 e4 6. d4 exf3 7. dxc5 fxg2 8. Bxg2 Nf6 9. cxd6 cxd6 10. Nd5 O-O
11. b3 Nc6 12. Bb2 Nxd5 13. Qxd5+ Rf7 14. O-O-O Qg5 15. Qxd6 Qxg2 16. Rhg1 Qxf2 17. Qd8+ Nxd8 18. Rxd8+ Rf8 19. Rxg7+ Kh8 20. Rxf8#
1-0

[Event "AGAH IIIIIIIII"]
[Site "SchemingMind.com"]
[Date "2021.05.29"]
[Round "-"]
[White "ray winteringham"]
[Black "LockettJ"]
[Result "0-1"]
[WhiteCountry "ENG"]
[BlackCountry "ENG"]
[WhiteElo "1511"]
[WhiteRD "50"]
[BlackElo "1960"]
[BlackRD "107"]
[GameID "712141"]

1. a3 g6 2. d4 Nf6 3. Nc3 d5 4. Bg5 Bg7 5. e3 O-O 6. Bd3 b6 7. Nge2 Bb7 8. Qd2 e6 9. O-O-O c5 10. Ng3 Nc6
11. Bb5 h6 12. Bxf6 Qxf6 13. f4 cxd4 14. exd4 Nxd4 15. Bd3 b5 16. Nge2 Nxe2+ 17. Qxe2 b4 18. axb4 a5 19. bxa5 Qxf4+ 20. Kb1 Bxc3
21. bxc3 Bc6 22. c4 Rfb8+
0-1

[Event "AGAH IIIIIIIII"]
[Site "SchemingMind.com"]
[Date "2021.07.10"]
[Round "-"]
[White "Chessibelle"]
[Black "grabapawn"]
[Result "0-1"]
[WhiteCountry "ENG"]
[BlackCountry "USA"]
[WhiteElo "1029"]
[WhiteRD "58"]
[BlackElo "1473"]
[BlackRD "64"]
[GameID "713313"]

1. a3 f5 2. Nf3 b6 3. e3 Bb7 4. Be2 Nf6 5. g3 d6 6. O-O h6 7. d4 g5 8. b4 Nbd7 9. Qd3 Be4 10. Qd2 e6
11. Nc3 c6 12. Ne1 h5 13. f3 Bd5 14. Bd3 Qe7 15. f4 g4 16. Ne2 h4 17. Ng2 hxg3 18. Nxg3 Qh7 19. Kf2 Qh3 20. Rh1 Nh5
21. Bf1 Nxg3 22. Ke1 Nxh1 23. Bb2 Nf6 24. a4 Ne4 25. Qd3 Nhf2 26. Qa6 Rh7 27. Qe2 Qxh2 28. c3 Qg3 29. Qa6 Nd3+ 30. Kd1 Bb3+
31. Ke2 d5 32. Qxd3 Qf2#
0-1

[Event "AGAH IIIIIIIII"]
[Site "SchemingMind.com"]
[Date "2021.07.10"]
[Round "-"]
[White "grabapawn"]
[Black "Chessibelle"]
[Result "1-0"]
[WhiteCountry "USA"]
[BlackCountry "ENG"]
[WhiteElo "1477"]
[WhiteRD "66"]
[BlackElo "1080"]
[BlackRD "59"]
[GameID "713314"]

1. a3 e5 2. e4 d6 3. Bc4 Nf6 4. d3 g6 5. Nc3 Be7 6. Nf3 O-O 7. h3 a6 8. g4 Nbd7 9. g5 c6 10. gxf6 Bxf6
11. h4 b5 12. Ba2 Nc5 13. Ng5 h5 14. Qf3 Bg4 15. Qg3 a5 16. f3 Bd7 17. f4 Re8 18. f5 Nb7 19. fxg6 Nc5 20. gxf7+ Kf8
21. Nh7+ Ke7 22. Nxf6 Rf8 23. Bg5 Ne6 24. Ng8+
1-0

[Event "AGAH IIIIIIIII"]
[Site "SchemingMind.com"]
[Date "2021.08.14"]
[Round "-"]
[White "maro"]
[Black "Daniel Dubé"]
[Result "1-0"]
[WhiteCountry "MEX"]
[BlackCountry "CAN"]
[WhiteElo "1321"]
[WhiteRD "59"]
[BlackElo "1547"]
[BlackRD "57"]
[GameID "714342"]

1. a3 g6 2. e4 Bg7 3. d4 d6 4. Nf3 a6 5. Nc3 b5 6. g3 Bb7 7. d5 Bxc3+ 8. bxc3 Nf6 9. Bd3 O-O 10. O-O Kg7
11. c4 bxc4 12. Be2 Nxe4 13. Qd4+ Nf6 14. Qh4 h5 15. Qg5 Nh7 16. Qh6+ Kg8 17. Bb2 Nf6 18. Ng5 Nbd7 19. Nh7 e5 20. dxe6 fxe6
21. Qxg6+ Kh8 22. Qxh5 Kg7 23. Ng5 Rh8 24. Nxe6+
1-0

[Event "AGAH IIIIIIIII"]
[Site "SchemingMind.com"]
[Date "2021.08.14"]
[Round "-"]
[White "Daniel Dubé"]
[Black "maro"]
[Result "1-0"]
[WhiteCountry "CAN"]
[BlackCountry "MEX"]
[WhiteElo "1547"]
[WhiteRD "57"]
[BlackElo "1321"]
[BlackRD "59"]
[GameID "714343"]

1. a3 e5 2. e4 Nf6 3. Nc3 Bc5 4. Bc4 Nc6 5. Nf3 Ng4 6. O-O d6 7. h3 Nf6 8. d3 O-O 9. Qe2 Nd4 10. Nxd4 Bxd4
11. Kh1 a6 12. f4 exf4 13. Bxf4 b5 14. Bb3 Bd7 15. Rae1 Be5 16. Bxe5 dxe5 17. Nd5 c6 18. Nxf6+ gxf6 19. Qh5 Qa5 20. Re3 Kh8
21. Rxf6 Qd2 22. Ref3 Rg8 23. Rf2 Qe1+ 24. Kh2 Rae8 25. Rxf7
1-0

[Event "AGAH IIIIIIIII"]
[Site "SchemingMind.com"]
[Date "2021.08.30"]
[Round "-"]
[White "Servelión Graterol Hernández"]
[Black "Arnold Jones"]
[Result "1-0"]
[WhiteCountry "VEN"]
[BlackCountry "ENG"]
[WhiteElo "2612"]
[WhiteRD "81"]
[BlackElo "1501"]
[BlackRD "56"]
[GameID "714806"]

1. a3 Nf6 2. Nf3 Nc6 3. g3 e5 4. d3 d5 5. Bg2 Be7 6. O-O O-O 7. b4 Qd6 8. Bb2 Bf5 9. b5 Na5 10. Bxe5 Qb6
11. Qd2 Bd7 12. Bc3 Nc4 13. dxc4 dxc4 14. a4 a5 15. e3 Bb4 16. Bd4 c5 17. bxc6 Bxd2 18. Bxb6 Bxc6 19. Nfxd2 Bxg2 20. Kxg2 Nd5
21. Nxc4 Rac8 22. Nba3 Nxb6 23. Nxb6 Rcd8 24. Rfd1
1-0

[Event "AGAH IIIIIIIII"]
[Site "SchemingMind.com"]
[Date "2021.08.30"]
[Round "-"]
[White "Arnold Jones"]
[Black "Servelión Graterol Hernández"]
[Result "0-1"]
[WhiteCountry "ENG"]
[BlackCountry "VEN"]
[WhiteElo "1501"]
[WhiteRD "56"]
[BlackElo "2612"]
[BlackRD "81"]
[GameID "714807"]

1. a3 e5 2. Nf3 Nc6 3. e4 Nf6 4. Nc3 d5 5. Bb5 Nxe4 6. Nxe4 dxe4 7. Bxc6+ bxc6 8. Nxe5 Qg5 9. d4 Qxg2 10. Be3 Qxh1+
11. Kd2 Qxh2 12. Nxc6 Bd6 13. Kc3 f5 14. Qh1 Qxh1 15. Rxh1 f4 16. Bd2 O-O 17. Re1 e3 18. fxe3 f3 19. Rh1 f2 20. Ne5 f1=Q
0-1

[Event "AGAH IIIIIIIII"]
[Site "SchemingMind.com"]
[Date "2021.09.01"]
[Round "-"]
[White "geekknight"]
[Black "Phillip Beckett"]
[Result "1-0"]
[WhiteCountry "NED"]
[BlackCountry "ENG"]
[WhiteElo "1794"]
[WhiteRD "144"]
[BlackElo "1426"]
[BlackRD "56"]
[GameID "714836"]

1. a3 e5 2. c4 d5 3. cxd5 Qxd5 4. Nc3 Qd8 5. g3 Nc6 6. Bg2 Nf6 7. d3 Bd6 8. Nf3 O-O 9. O-O Bg4 10. Qa4 Qc8
11. Bg5 Bxf3 12. Bxf3 Ne7 13. Bxf6 gxf6 14. Qh4 Qf5 15. Be4
1-0

[Event "AGAH IIIIIIIII"]
[Site "SchemingMind.com"]
[Date "2021.09.01"]
[Round "-"]
[White "Phillip Beckett"]
[Black "geekknight"]
[Result "0-1"]
[WhiteCountry "ENG"]
[BlackCountry "NED"]
[WhiteElo "1426"]
[WhiteRD "56"]
[BlackElo "1794"]
[BlackRD "144"]
[GameID "714837"]

1. a3 d5 2. d4 Nf6 3. e3 Bf5 4. Bd3 Bxd3 5. Qxd3 a6 6. f4 e6 7. Nf3 c5 8. c3 Nc6 9. Ne5 Be7 10. O-O O-O
11. Nd2 Rc8 12. Ndf3 Ne4 13. Nxc6 Rxc6 14. Bd2 Qb6 15. b4 cxd4 16. cxd4 Rfc8 17. Rfc1 Qc7 18. Rxc6 Qxc6 19. Rc1 Qxc1+ 20. Bxc1 Rxc1+
21. Qf1 Rxf1+ 22. Kxf1 f6 23. Ke2 Kf7
0-1

[Event "AGAH IIIIIIIII"]
[Site "SchemingMind.com"]
[Date "2021.09.01"]
[Round "-"]
[White "Carlos Vila Hernández"]
[Black "JAHI"]
[Result "1-0"]
[WhiteCountry "CUB"]
[BlackCountry "INT"]
[WhiteElo "2484"]
[WhiteRD "86"]
[BlackElo "2003"]
[BlackRD "66"]
[GameID "714841"]

1. a3 f6 2. e4 e6 3. d4 f5 4. exf5 exf5 5. Bd3 g6 6. Nf3 Bg7 7. O-O Nc6 8. d5 Nce7 9. d6 cxd6= 10. Nc3 d5
11. Nb5 a6 12. Nd6+ Kf8 13. Re1 Nf6 14. c4 Qb6 15. Bf4 Ne4 16. Bxe4 dxe4 17. b4 Qc7 18. c5 Qc6 19. Bg5 b6 20. Qb3 Nd5
21. Rad1 Bb7 22. Nxb7 Qxb7 23. Rxd5 Re8 24. Red1 exf3 25. gxf3 d6 26. cxd6 Qd7 27. Rc1 h6 28. Rc7 Re1+ 29. Kg2 Ke8 30. Rd1 Re6
31. Qd5 hxg5 32. Rxd7 Rxh2+ 33. Kxh2 Kxd7 34. Qb7+ Ke8 35. Qxg7 Re2 36. d7+ Kd8 37. Qg8+ Re8 38. Qxe8+ Kc7 39. Qc8#
1-0

[Event "AGAH IIIIIIIII"]
[Site "SchemingMind.com"]
[Date "2021.09.01"]
[Round "-"]
[White "JAHI"]
[Black "Carlos Vila Hernández"]
[Result "0-1"]
[WhiteCountry "INT"]
[BlackCountry "CUB"]
[WhiteElo "2048"]
[WhiteRD "65"]
[BlackElo "2493"]
[BlackRD "85"]
[GameID "714842"]

1. a3 Nf6 2. g3 e5 3. Bg2 d5 4. d3 Bd6 5. Bg5 c6 6. Nd2 Nbd7 7. h3 h6 8. Bxf6 Nxf6 9. e3 Be6 10. Kf1 O-O
11. Ne2 Qd7 12. Kg1 Rad8 13. Qf1 Rfe8 14. Re1 Qe7 15. Rh2 Bc7 16. Kh1 g6 17. f3 Qc5 18. Nc3 Nh5 19. Qf2 d4 20. Nde4 Qe7
21. Nd1 f5 22. g4 dxe3 23. Nxe3 fxe4 24. gxh5 exd3 25. cxd3 gxh5 26. Rg1 Kh8 27. Bf1 Qf6 28. Rhg2 Rg8 29. Rxg8+ Bxg8 30. Rg3 Bh7
31. Qe1 e4 32. dxe4 Bxg3 33. Qxg3 Rg8 34. Qe1 Qxf3+ 35. Bg2 Rxg2 36. Nxg2 Bxe4 37. Qc3+ Qxc3 38. bxc3 Kg7 39. Kh2 Bxg2 40. Kxg2 Kf6
41. Kg3 Kf5 42. Kf2 Ke4 43. Ke2 Kd5 44. Kd3 b5 45. Kd2 Kc4 46. Kc2 h4 47. Kb2 c5 48. Kc2 a6 49. Kb2 a5 50. Kc2 b4
51. cxb4 cxb4 52. Kb2 b3 53. a4 Kb4 54. Kc1 Kc3 55. Kd1 b2 56. Ke2 b1=Q 57. Kf3 Kd4 58. Ke2 Qc2+ 59. Kf3 Qd2 60. Kg4 Ke4
61. Kh5 Qg5#
0-1

[Event "AGAH IIIIIIIII"]
[Site "SchemingMind.com"]
[Date "2021.09.03"]
[Round "-"]
[White "LockettJ"]
[Black "AussieMossie"]
[Result "0-1"]
[WhiteCountry "ENG"]
[BlackCountry "AUS"]
[WhiteElo "2009"]
[WhiteRD "88"]
[BlackElo "2634"]
[BlackRD "100"]
[GameID "714882"]

1. a3 c5 2. Nf3 d5 3. e3 Nc6 4. d4 cxd4 5. exd4 Nf6 6. Bd3 Bg4 7. Be3 e6 8. Nbd2 Bd6 9. O-O O-O 10. h3 Bh5
11. c3 Qc7 12. Qc2 Bg6 13. c4 Bxd3 14. Qxd3 dxc4 15. Nxc4 h6 16. Nxd6 Qxd6 17. Rfd1 Rfd8 18. Rac1 Qe7 19. b4 a6 20. Rc5 Nd5
21. Rdc1 Qe8 22. b5 axb5 23. Rxb5 b6 24. Rb2 Nce7 25. Nd2 Qa4 26. Rb3 Nf5 27. Rc4 Qa6 28. Qb1 Rdc8 29. Qd3 Qb7 30. Qb1 Nh4
31. Qe4 Nf5 32. Qd3 Qd7 33. Rxc8+ Rxc8 34. Nc4 Qc7 35. Ne5 Nfxe3 36. fxe3 f6 37. Nf3 Qg3 38. Qb1 Rc6 39. Qe1 Qc7 40. Rb1 Rc3
41. e4 Nf4 42. Kh1 Rc2 43. e5 Nxg2 44. Qg3 Ne3 45. Qf4 Nf5 46. Rd1 g5 47. Qg4 h5 48. Qg1 Qc3 49. Nd2 Qxh3+ 50. Qh2 Ng3+
51. Kg1 Qg4 52. Re1 Kf7 53. Qg2 Qxd4+
0-1

[Event "AGAH IIIIIIIII"]
[Site "SchemingMind.com"]
[Date "2021.09.02"]
[Round "-"]
[White "AussieMossie"]
[Black "LockettJ"]
[Result "1-0"]
[WhiteCountry "AUS"]
[BlackCountry "ENG"]
[WhiteElo "2634"]
[WhiteRD "100"]
[BlackElo "2009"]
[BlackRD "88"]
[GameID "714883"]

1. a3 e5 2. c4 Nf6 3. Nc3 c6 4. d4 exd4 5. Qxd4 d5 6. Nf3 Be7 7. cxd5 cxd5 8. Qd3 O-O 9. g3 Nc6 10. Bg2 Be6
11. Be3 Ng4 12. Bd4 Nxd4 13. Nxd4 Qb6 14. O-O Ne5 15. Qd1 Rfd8 16. e3 Rac8 17. Nxe6 fxe6 18. Ne2 Bf6 19. b4 Rc4 20. Ra2 Rdc8
21. Qb1 g6 22. Rd1 a6 23. Nd4 Nf7 24. Bf1 R4c7 25. Nb3 Ne5 26. e4 Nf3+ 27. Kg2 Rc3 28. exd5 exd5 29. Be2 Ne5 30. Rxd5 Qc6
31. Rd2 Rd8 32. b5 axb5 33. Bxb5 Qxd5+ 34. Rxd5 Rxd5 35. Bf1 Nc6 36. a4 Kg7 37. Nc1 Nd8 38. Nd3 Rd6 39. Nf4 Rd2 40. Qb5 Rcc2
41. Be2 Rb2 42. Qe8 Bg5 43. Kh3 Rdc2 44. Bf3 Rxf2 45. Bd5 Bxf4 46. gxf4 Rbd2 47. Qg8+ Kh6 48. Kg4 Ne6 49. Qxe6 Rf1 50. Qf7 Rg1+
51. Kh3 Rf1 52. Bxb7 Rdf2 53. Kg3 Rd2 54. Qf8+ Kh5 55. Qc5+ Kh6 56. Bc8 Rg1+ 57. Qxg1
1-0

[Event "AGAH IIIIIIIII"]
[Site "SchemingMind.com"]
[Date "2021.09.06"]
[Round "-"]
[White "krzysztof"]
[Black "Helga1946"]
[Result "0-1"]
[WhiteCountry "POL"]
[BlackCountry "GER"]
[WhiteElo "1514"]
[WhiteRD "80"]
[BlackElo "2241"]
[BlackRD "71"]
[GameID "714884"]

1. a3 d5 2. d4 Nf6 3. c4 c5 4. b4 cxd4 5. c5 e5 6. e3 dxe3 7. fxe3 a5 8. Bb2 axb4 9. axb4 Rxa1 10. Bxa1 Nc6
11. Bc3 d4 12. exd4 exd4 13. Bd2 Qe7+ 14. Qe2 Bf5 15. Qxe7+ Bxe7 16. Na3 O-O 17. Bb5 Ra8 18. Bxc6 bxc6 19. Nc4 Ra1+ 20. Ke2 Be4
21. h4 Bxg2 22. Ne5 Bxh1 23. Nxc6 Bxc6 24. Nf3 Bb5+ 25. Kf2 Ra2 26. Ke1 Ne4 27. Ne5 Ra1+ 28. Bc1 Rxc1#
0-1

[Event "AGAH IIIIIIIII"]
[Site "SchemingMind.com"]
[Date "2021.09.06"]
[Round "-"]
[White "Helga1946"]
[Black "krzysztof"]
[Result "1-0"]
[WhiteCountry "GER"]
[BlackCountry "POL"]
[WhiteElo "2250"]
[WhiteRD "69"]
[BlackElo "1577"]
[BlackRD "79"]
[GameID "714885"]

1. a3 e5 2. c4 d5 3. cxd5 Qxd5 4. Nc3 Qa5 5. Nf3 f6 6. d4 Be6 7. e4 Na6 8. d5 Bf7 9. Bb5+ c6 10. dxc6 b6
11. Qd7#
1-0

[Event "AGAH IIIIIIIII"]
[Site "SchemingMind.com"]
[Date "2021.10.18"]
[Round "-"]
[White "Praxis1"]
[Black "Servelión Graterol Hernández"]
[Result "0-1"]
[WhiteCountry "CAN"]
[BlackCountry "VEN"]
[WhiteElo "2100"]
[WhiteRD "91"]
[BlackElo "2572"]
[BlackRD "81"]
[GameID "716550"]

1. a3 e5 2. c4 Nf6 3. Nc3 d5 4. cxd5 Nxd5 5. Nf3 Nc6 6. Qc2 Nxc3 7. bxc3 Bd6 8. e3 O-O 9. d4 Qe7 10. Be2 Re8
11. O-O b6 12. Bb2 Bb7 13. d5 Na5 14. c4 c6 15. e4 Bc8 16. Bc3 Nb7 17. dxc6 Nc5 18. Rfd1 Qc7 19. Rd5 f6 20. Nh4 g6
21. Rad1 Bf8 22. f4 Qxc6 23. fxe5 Qa4 24. Qxa4 Nxa4 25. Ba1 fxe5 26. Nf3 Be6 27. Nxe5 Nc5 28. Bf3 Bxd5 29. exd5 Bd6 30. Ng4 Kf7
0-1

[Event "AGAH IIIIIIIII"]
[Site "SchemingMind.com"]
[Date "2021.10.20"]
[Round "-"]
[White "Servelión Graterol Hernández"]
[Black "Praxis1"]
[Result "1-0"]
[WhiteCountry "VEN"]
[BlackCountry "CAN"]
[WhiteElo "2572"]
[WhiteRD "81"]
[BlackElo "2100"]
[BlackRD "91"]
[GameID "716551"]

1. a3 c5 2. Nf3 d5 3. e3 Nc6 4. Bb5 a6 5. Bxc6+ bxc6 6. O-O Bg4 7. d3 Nf6 8. Nbd2 e5 9. h3 Bh5 10. g4 Nxg4
11. hxg4 Bxg4 12. e4 Bd6 13. Qe1 Bh3 14. Qe3 Qd7 15. Nh4 Bxf1 16. Kxf1 g6 17. b3 Be7 18. Qg3 f6 19. Bb2 O-O-O 20. Bc3 Rdf8
21. b4 c4 22. dxc4 d4 23. Bb2 c5 24. Rb1 Rd8 25. bxc5 Bxc5 26. Nb3 Ba7 27. Qd3 Qe6 28. c5 Kb7 29. Bc3 Ka8 30. Ba5
1-0

[Event "AGAH IIIIIIIII"]
[Site "SchemingMind.com"]
[Date "2021.12.30"]
[Round "-"]
[White "Carlos Vila Hernández"]
[Black "maro"]
[Result "1-0"]
[WhiteCountry "CUB"]
[BlackCountry "MEX"]
[WhiteElo "2530"]
[WhiteRD "80"]
[BlackElo "1396"]
[BlackRD "60"]
[GameID "718904"]

1. a3 e5 2. e4 d5 3. exd5 Nf6 4. Bb5+ Bd7 5. Bc4 e4 6. Nc3 Bc5 7. d4 exd3 8. Qxd3 Ng4 9. Qe2+ Be7 10. Bg5 f6
11. Bf4 Ne5 12. Bxe5 fxe5 13. Qxe5 c6 14. O-O-O cxd5 15. Nxd5 Nc6 16. Nf6+ gxf6 17. Qh5+
1-0

[Event "AGAH IIIIIIIII"]
[Site "SchemingMind.com"]
[Date "2021.12.30"]
[Round "-"]
[White "maro"]
[Black "Carlos Vila Hernández"]
[Result "0-1"]
[WhiteCountry "MEX"]
[BlackCountry "CUB"]
[WhiteElo "1396"]
[WhiteRD "60"]
[BlackElo "2530"]
[BlackRD "80"]
[GameID "718905"]

1. a3 Nf6 2. d3 d5 3. Bf4 c5 4. Nf3 Nc6 5. g3 Qb6 6. Be5 Nxe5 7. Bg2 Qxb2 8. Nbd2 Nxf3+ 9. Bxf3 Qc3 10. O-O g6
11. Nb1 Qxa1 12. c4 dxc4 13. dxc4 Bg7 14. Qd3 O-O 15. Nd2 Qb2 16. Rb1 Qd4 17. Qc2 Bf5 18. Be4 Nxe4 19. Nxe4 Bxe4
0-1

[Event "AGAH IIIIIIIII"]
[Site "SchemingMind.com"]
[Date "2022.01.13"]
[Round "-"]
[White "Carlos Vila Hernández"]
[Black "geekknight"]
[Result "1-0"]
[WhiteCountry "CUB"]
[BlackCountry "NED"]
[WhiteElo "2530"]
[WhiteRD "80"]
[BlackElo "1936"]
[BlackRD "91"]
[GameID "719553"]

1. a3 c5 2. e4 g6 3. b4 Bg7 4. Nc3 b6 5. Rb1 Bb7 6. bxc5 Bxc3 7. dxc3 Bxe4 8. f3 Bb7 9. cxb6 axb6 10. Bd3 Nf6
11. Bh6 Qc7 12. Ne2 Rxa3 13. O-O Nc6 14. Re1 Ne5 15. Nd4 Nxd3 16. cxd3 Ra5 17. Nb5 Qb8 18. Bg7
1-0

[Event "AGAH IIIIIIIII"]
[Site "SchemingMind.com"]
[Date "2022.01.13"]
[Round "-"]
[White "geekknight"]
[Black "Carlos Vila Hernández"]
[Result "0-1"]
[WhiteCountry "NED"]
[BlackCountry "CUB"]
[WhiteElo "1936"]
[WhiteRD "91"]
[BlackElo "2530"]
[BlackRD "80"]
[GameID "719554"]

1. a3 Nf6 2. d4 g6 3. Bg5 Bg7 4. Nd2 h6 5. Bh4 c5 6. dxc5 Na6 7. Ngf3 Nxc5 8. e3 d5 9. Bb5+ Bd7 10. Bxd7+ Qxd7
11. c3 Nd3+ 12. Kf1 Nxb2 13. Qb1 Na4 14. Qb3 Rc8 15. c4 Ne4 16. cxd5 Bxa1
0-1

[Event "AGAH IIIIIIIII"]
[Site "SchemingMind.com"]
[Date "2022.04.29"]
[Round "-"]
[White "AussieMossie"]
[Black "Helga1946"]
[Result "1-0"]
[WhiteCountry "AUS"]
[BlackCountry "GER"]
[WhiteElo "2640"]
[WhiteRD "103"]
[BlackElo "2304"]
[BlackRD "79"]
[GameID "722944"]

1. a3 e5 2. c4 c5 3. Nc3 Nc6 4. g3 h6 5. Bg2 Be7 6. e3 Nf6 7. Nge2 d6 8. O-O O-O 9. d3 Bg4 10. h3 Bd7
11. b3 a6 12. f4 Rb8 13. Ra2 b5 14. Kh2 h5 15. Nd5 h4 16. f5 Nxd5 17. Bxd5 bxc4 18. dxc4 Bf6 19. e4 Ne7 20. gxh4 Nxd5
21. cxd5 Bxh4 22. Rg1 g6 23. Ng3 Kh7 24. Nh5 Rg8 25. Rag2
1-0

[Event "AGAH IIIIIIIII"]
[Site "SchemingMind.com"]
[Date "2022.04.29"]
[Round "-"]
[White "Helga1946"]
[Black "AussieMossie"]
[Result "1/2-1/2"]
[WhiteCountry "GER"]
[BlackCountry "AUS"]
[WhiteElo "2349"]
[WhiteRD "78"]
[BlackElo "2635"]
[BlackRD "95"]
[GameID "722945"]

1. a3 c5 2. e4 g6 3. Nf3 Bg7 4. Nc3 Nc6 5. Bb5 Nd4 6. O-O a6 7. Ba4 b5 8. Bb3 Bb7 9. d3 Nxb3 10. cxb3 Nf6
11. Be3 Rc8 12. b4 d6 13. Qd2 O-O 14. Bh6 Re8 15. Rfd1 cxb4 16. axb4 e5 17. Re1 d5 18. exd5 Nxd5 19. Bxg7 Kxg7 20. Rxe5 Rxe5
21. Nxe5 Nxc3 22. bxc3 Qc7 23. d4 Qxc3 24. Qxc3 Rxc3 25. Rd1 Rb3 26. f3 Bd5 27. Nd3 h5 28. h4 Kf8 29. Kf2 Ke7 30. Rd2 Kd6
31. Nc5 Rxb4 32. Nxa6 Rc4 33. Rb2 Rxd4 34. Rxb5 Rxh4 35. Rb6+ Kd7 36. Nb4 Be6 37. Ke3 Kc7 38. Rb5 Kd6 39. Nd3 Ra4 40. Rb6+ Kc7
41. Rb5 Ra3 42. Kd4 Kd6=
1/2-1/2

[Event "AGAH IIIIIIIII"]
[Site "SchemingMind.com"]
[Date "2022.04.29"]
[Round "-"]
[White "grabapawn"]
[Black "Servelión Graterol Hernández"]
[Result "0-1"]
[WhiteCountry "USA"]
[BlackCountry "VEN"]
[WhiteElo "1567"]
[WhiteRD "80"]
[BlackElo "2568"]
[BlackRD "83"]
[GameID "723033"]

1. a3 d5 2. f4 c5 3. b3 Nc6 4. Nf3 Bg4 5. h3 Bxf3 6. exf3 Qd6 7. d3 g5 8. Nc3 Bg7 9. Bb2 gxf4 10. Be2 Nh6
11. Ra2 Nf5 12. Nb5 Qg6 13. Bxg7 Qxg7 14. Nc7+ Kd7 15. Nxa8 Ne3 16. Kd2 Nxd1
0-1

[Event "AGAH IIIIIIIII"]
[Site "SchemingMind.com"]
[Date "2022.05.02"]
[Round "-"]
[White "Servelión Graterol Hernández"]
[Black "grabapawn"]
[Result "1-0"]
[WhiteCountry "VEN"]
[BlackCountry "USA"]
[WhiteElo "2568"]
[WhiteRD "83"]
[BlackElo "1567"]
[BlackRD "80"]
[GameID "723034"]

1. a3 e5 2. e4 Nf6 3. Nc3 Nc6 4. Nf3 a6 5. d4 d6 6. Be2 Be7 7. d5 Nd4 8. Nxd4 exd4 9. Qxd4 O-O 10. O-O c5
11. dxc6 bxc6 12. Bf4 c5 13. Qe3 Re8 14. Rfd1 Qd7 15. Qg3 Rd8 16. e5 Ng4 17. exd6 Bf6 18. h3 Nxf2 19. Qxf2 Bb7 20. Bg4 Qc6
21. Bf3 Qb6 22. Bxb7 Qxb7 23. Nd5 Bd4 24. Rxd4 cxd4 25. Qxd4 Rac8 26. c4 Qd7 27. Re1 Re8 28. Ne7+ Rxe7 29. Rxe7 Qa4 30. d7
1-0

[Event "AGAH IIIIIIIII"]
[Site "SchemingMind.com"]
[Date "2022.08.30"]
[Round "-"]
[White "Servelión Graterol Hernández"]
[Black "AussieMossie"]
[Result "1/2-1/2"]
[WhiteCountry "VEN"]
[BlackCountry "AUS"]
[WhiteElo "2571"]
[WhiteRD "102"]
[BlackElo "2597"]
[BlackRD "91"]
[GameID "726226"]

1. a3 c5 2. Nf3 d5 3. e3 Nc6 4. d4 cxd4 5. exd4 Bg4 6. Be2 e6 7. O-O Bd6 8. Re1 Nf6 9. Nbd2 O-O 10. c3 h6
11. h3 Bf5 12. Bf1 Re8 13. Ne5 Qc7 14. Ndf3 Ne4 15. Be3 a6 16. c4 Nxe5 17. dxe5 Bxe5 18. Nxe5 Qxe5 19. cxd5 exd5 20. f3 Ng3
21. Bf2= Qd6 22. Qd4 Nxf1 23. Kxf1 Bd7 24. Kg1 Rxe1+ 25. Bxe1 Rc8 26. Bc3 Qg3 27. Qf2 Qxf2+=
1/2-1/2

[Event "AGAH IIIIIIIII"]
[Site "SchemingMind.com"]
[Date "2022.08.30"]
[Round "-"]
[White "AussieMossie"]
[Black "Servelión Graterol Hernández"]
[Result "1/2-1/2"]
[WhiteCountry "AUS"]
[BlackCountry "VEN"]
[WhiteElo "2629"]
[WhiteRD "93"]
[BlackElo "2566"]
[BlackRD "101"]
[GameID "726227"]

1. a3 e5 2. c4 Nf6 3. Nc3 d5 4. cxd5 Nxd5 5. Nf3 Nc6 6. Qc2 Be7 7. e3 O-O 8. Be2 Be6 9. b4 Nxc3 10. dxc3 f5
11. b5 e4 12. bxc6 exf3 13. Bxf3 bxc6 14. c4 Rb8 15. O-O Bd6 16. g3 Qf6 17. Ra2 Qf7 18. Be2 c5 19. Bb2 Bc8 20. Bf3 Bb7
21. Bxb7 Rxb7 22. Rd1 Qe6 23. Rd5 h5 24. h4 c6=
1/2-1/2

[Event "AGAH IIIIIIIII"]
[Site "SchemingMind.com"]
[Date "2023.01.11"]
[Round "-"]
[White "Carlos Vila Hernández"]
[Black "AussieMossie"]
[Result "1/2-1/2"]
[WhiteCountry "CUB"]
[BlackCountry "AUS"]
[WhiteElo "2559"]
[WhiteRD "87"]
[BlackElo "2542"]
[BlackRD "85"]
[GameID "730071"]

1. a3 c5 2. e4 g6 3. b4 Bg7 4. Nc3 d6 5. Rb1 Nc6 6. g3 Nf6 7. Bg2 cxb4 8. axb4 Bg4 9. Nge2 Nd4 10. O-O Nf3+
11. Kh1 e5 12. Rb3 h5 13. Nb5 a6 14. Bxf3 Bxf3+ 15. Rxf3 axb5 16. Nc3 Qd7 17. Qe2 O-O 18. Bb2 Rfc8 19. Rd3 Rc4 20. Nd5 Nxd5
21. Rxd5 f5 22. f3 fxe4 23. fxe4 Rxc2 24. Bc3 Rc8 25. Rd3 Ra2 26. Kg1 Rc4 27. Qe3 Ra3 28. Qg5 Kh7 29. Qe3 Qc6 30. Qg5= Rxe4
31. Rf7 Re1+ 32. Kf2 Rh1 33. Rxg7+= Kxg7 34. Qe7+ Kh6 35. Qf8+ Kh7 36. Qf7+ Kh6 37. Qf8+=
1/2-1/2

[Event "AGAH IIIIIIIII"]
[Site "SchemingMind.com"]
[Date "2023.01.11"]
[Round "-"]
[White "AussieMossie"]
[Black "Carlos Vila Hernández"]
[Result "1/2-1/2"]
[WhiteCountry "AUS"]
[BlackCountry "CUB"]
[WhiteElo "2577"]
[WhiteRD "89"]
[BlackElo "2559"]
[BlackRD "82"]
[GameID "730072"]

1. a3 Nf6 2. d4 g6 3. Nf3 Bg7 4. c4 O-O 5. e3 d5 6. cxd5 Nxd5 7. Qc2 Nb6 8. Bd3 Nc6 9. O-O e5 10. Nxe5 Nxe5
11. dxe5 Bxe5 12. h3 Bd7 13. Nc3 Na4 14. Bd2 Nc5 15. Bc4 Bf5 16. e4 Bxc3 17. Bxc3 Nxe4 18. Rae1 Nxc3 19. Qxc3 Qd6 20. Re5 Rae8
21. Rxe8 Rxe8 22. Qb3 Be6 23. Bxe6 Qxe6 24. Qxb7 Qb6 25. Qxb6 cxb6 26. Rd1 Re2 27. b4 Ra2 28. Rd3 Kg7=
1/2-1/2